Cuenta regresiva desde 50 en 15 segundos - Estadísticas

Estadísticas generales
  • Esta prueba ha sido intentada 359 veces
  • La puntuación promedio es 17 de 50
Estadísticas de respuestas
Number % Correcto
50
100%
49
99%
48
97%
47
95%
46
94%
45
92%
44
90%
43
87%
42
86%
41
83%
40
72%
39
65%
38
64%
37
63%
36
61%
35
60%
34
57%
33
47%
32
42%
31
39%
30
32%
29
29%
28
25%
27
23%
26
22%
25
18%
24
16%
23
12%
22
8%
21
6%
19
3%
20
3%
17
2%
18
2%
12
1%
13
1%
14
1%
15
1%
16
1%
1
0%
10
0%
11
0%
2
0%
3
0%
4
0%
5
0%
6
0%
7
0%
8
0%
9
0%
No se encontraron pruebas coincidentes
Distribución de puntuación
Porcentaje de gente con cada puntuación
Porcentaje por número respondido
Historial de tus puntuaciones
No has intentado esta prueba.